Deník malého poseroutky. Rodrick je king
Uloženo v:
| Série: | Deník malého poseroutky,
část 2 |
|---|---|
| Hlavní autor: | |
| Další autoři: | , , , |
| Médium: | E-audiokniha |
| Jazyk: | Czech |
| Vydáno: |
[Praha] :
CooBoo,
2014
|
| Témata: | |
| Příbuzné jednotky: | Z cyklu::
Deník malého poseroutky |
| Tagy: |
Žádné tagy |
| LEADER | 02183nim a2200529 a 4500 | ||
|---|---|---|---|
| 001 | 313006 | ||
| 003 | CZ PrSKC | ||
| 005 | 20260601215733.0 | ||
| 007 | sd fsngnnmmned | ||
| 008 | 141121s2014 xr nnnnj h n cze | ||
| 015 | |a cnb002639468 | ||
| 024 | 3 | |a 8594050421059 | |
| 040 | |a ABA001 |b cze | ||
| 041 | 1 | |d cze |h eng | |
| 072 | 7 | |a 821.111(73)-3 |x Americká próza |2 Konspekt | |
| 072 | 7 | |a 821-93 |x Literatura pro děti a mládež (beletrie) |2 Konspekt | |
| 080 | |a 821.111(73)-32 |2 MRF | ||
| 080 | |a (086.7.053.2) |2 MRF | ||
| 080 | |a (086.76) |2 MRF | ||
| 100 | 1 | |a Kinney, Jeff, |d 1971- |7 xx0093180 |4 aut | |
| 245 | 1 | 0 | |a Deník malého poseroutky. |p Rodrick je king |h [zvukový záznam] / |c Jeff Kinney |
| 246 | 3 | 0 | |a Rodrick je king |
| 260 | |a [Praha] : |b CooBoo, |c 2014 | ||
| 300 | |a 1 zvuková deska (74:32) : |b digital ; |c 12 cm | ||
| 306 | |a 011432 | ||
| 500 | |a Z angličtiny přeložila Veronika Volhejnová | ||
| 500 | |a Kompaktní deska | ||
| 508 | |a Hudba Peter Binder ; režie Jan Jiráň | ||
| 511 | 0 | |a Vypráví Václav Kopta | |
| 518 | |a Nahráno v září 2014 ve zvukovém studiu DAMU, Praha; fonogram p2014 Albatros Media | ||
| 655 | 7 | |a americké příběhy |7 fd131795 |2 czenas | |
| 655 | 7 | |a zvukové záznamy pro děti a mládež |7 fd186726 |2 czenas | |
| 655 | 7 | |a kompaktní disky |7 fd201991 |2 czenas | |
| 700 | 1 | |a Volhejnová, Veronika, |d 1962- |7 jn20010309724 |4 trl | |
| 700 | 1 | |a Binder, Peter |7 jx20050303011 |4 cmp | |
| 700 | 1 | |a Jiráň, Jan, |d 1957- |7 jn20000401255 |4 drt | |
| 700 | 1 | |a Kopta, Václav, |d 1965- |7 jo2002140130 |4 stl | |
| 900 | |a ABA001 |b 16 | ||
| 044 | |a xr | ||
| 505 | 0 | 0 | |t Track 1 (16 min., 17 sek.) |
| 505 | 0 | 0 | |t Track 2 (21 min., 57 sek.) |
| 505 | 0 | 0 | |t Track 3 (11 min., 54 sek.) |
| 505 | 0 | 0 | |t Track 4 (24 min., 22 sek.) |
| 787 | 0 | 8 | |g 2 |i Z cyklu: |t Deník malého poseroutky |
| 910 | |a RBIT002 | ||
| 998 | |d 206582 |a https://core.palmknihy.cz/api/books/206582/cover?snavjq |b https://core.palmknihy.cz/api/books/206582/cover/400?snavjq |c https://core.palmknihy.cz/api/books/206582/cover/50?snavjq |e 2030-07-02 |i 8594050421059 |l 4470 |q 49 |r 1 |s https://www.palmknihy.cz/kniha/206582 |t audiobook |y 2014 |z 0 |v Deník malého poseroutky |w 2 | ||
| 999 | |d 313004 | ||